Normal view
MARC view
- Berg, Jeremy M.
Entry Personal Name
001 - CONTROL NUMBER
- control field: 5477
003 - CONTROL NUMBER IDENTIFIER
- control field: NUST
005 - DATE AND TIME OF LATEST TRANSACTION
- control field: 20171016120216.0
008 - FIXED-LENGTH DATA ELEMENTS
- fixed length control field: 171016|| aca||aabn | a|a d
040 ## - CATALOGING SOURCE
- Original cataloging agency: NUST
- Transcribing agency: NUST
100 ## - HEADING--PERSONAL NAME
- Personal name: Berg, Jeremy M.
- Fuller form of name: (Jeremy Mark),
- Dates associated with a name: 1958-
670 ## - SOURCE DATA FOUND
- Source citation: Work cat.: (NUST)0: Tymoczko, John L., 1948- 5475, Biochemistry, a short course /, c2010.
